000 00383nam a22001697a 4500
005 20180425114451.0
008 160618b xxu||||| |||| 00| 0 eng d
020 _a0-07-049505-X
041 _aeng
082 _b8080
_a370.113
100 _aGupta, Vibha
_9405
245 _aCareers a pathfinder
260 _bTMH
_c2004
300 _a657
650 _aManagement
_9241
942 _cBK
999 _c3046
_d3045